Uruguayan players in Premier League (2000-) - Statistics

General Stats
  • This quiz has been taken 74 times
  • The average score is 13 of 27
Answer Stats
Ranking Player Positions Nationality Matches Goals (assists) Periods Clubs % Correct
2 Luis Suárez FW 110 69 (23) 2010-2014
98%
3 Darwin Núñez MF, FW 95 25 (13) 2022-2025
93%
8 Diego Forlán MF, FW 53 10 (6) 2001-2005
92%
14 Manuel Ugarte Ribeiro MF 29 1 (2) 2024-2025
88%
5 Rodrigo Bentancur MF 84 8 (7) 2021-2025
88%
10 Edinson Cavani MF, FW 41 12 (4) 2020-2022
85%
7 Lucas Torreira MF 63 3 (3) 2018-2020
77%
18 Facundo Pellistri MF, FW 13 0 (1) 2022-2024
72%
11 Santiago Bueno DF 41 0 (0) 2023-2025
58%
12 Sebastián Coates DF 37 1 (3) 2011-2012, 2014-2016
55%
23 Diego Poyet MF 3 0 (0) 2014-2015
53%
1 Gus Poyet MF 112 29 (15) 2000-2004
53%
4 Gastón Ramírez MF, FW 94 9 (12) 2012-2017
50%
9 Abel Hernández FW 49 8 (4) 2014-2015, 2016-2017
47%
22 Guillermo Varela DF 4 0 (0) 2015-2016
42%
16 Cristhian Stuani MF, FW 23 4 (0) 2016-2017
40%
26 Martín Cáceres DF 1 0 (0) 2016-2017
40%
6 Miguel Britos DF 66 2 (2) 2015-2019
23%
20 Diego Lugano DF 9 1 (0) 2013-2014
22%
19 Matías Viña DF, FW 12 2 (0) 2022-2023
17%
17 Darío Silva FW 13 2 (0) 2005-2006
15%
25 Nacho González MF 2 0 (0) 2008-2009
15%
21 Walter López DF, MF 5 0 (0) 2008-2009
15%
13 Walter Pandiani FW 31 6 (2) 2004-2006
13%
24 Williams Martínez DF 2 1 (0) 2005-2006
10%
15 Gonzalo Sorondo DF 28 0 (0) 2004-2007
7%
27 Omar Pouso MF 1 0 (0) 2006-2007
3%
No matching quizzes found
Score Distribution
Percent of People with Each Score
Percentile by Number Answered
Your Score History
You have not taken this quiz